| 000 | 00481nam a2200145 a 4500 | ||
|---|---|---|---|
| 001 | 000047392 | ||
| 005 | 20210518121536.0 | ||
| 008 | 180511s2004 dr 000 spa d | ||
| 040 |
_aDO-SdBNP _bspa _cBNPHU |
||
| 100 | 1 |
_aRosario Mena, Juan Antonio _935821 |
|
| 245 | 0 |
_aCharles Baudelaíre :. : _bpoética símbolista de un poeta maldito / _cJuan Antonio Rosario Mena. |
|
| 260 |
_aSanto Domingo : _b[s. n.], _c[s.f.]. |
||
| 300 |
_a204 p. ; _c22 cm. |
||
| 590 | _aInventariado, 2018/DG | ||
| 999 |
_c46880 _d46880 |
||